<?xml version="1.0" encoding="UTF-8"?>
<collection xmlns="http://www.loc.gov/MARC21/slim">
    <record>
        <controlfield tag="001">37203</controlfield>
        <controlfield tag="005">20160204081821.0</controlfield>
        <datafield tag="037" ind1=" " ind2=" ">
            <subfield code="a">TAZ-PFC-2015-108</subfield>
        </datafield>
        <datafield tag="041" ind1=" " ind2=" ">
            <subfield code="a">spa</subfield>
        </datafield>
        <datafield tag="100" ind1="1" ind2=" ">
            <subfield code="a">Llorente Lázaro, Víctor Javier</subfield>
        </datafield>
        <datafield tag="245" ind1="0" ind2="0">
            <subfield code="a">Simulación numérica de flujos magnetoreológicos</subfield>
        </datafield>
        <datafield tag="260" ind1=" " ind2=" ">
            <subfield code="a">Zaragoza</subfield>
            <subfield code="b">Universidad de Zaragoza</subfield>
            <subfield code="c">2015</subfield>
        </datafield>
        <datafield tag="506" ind1=" " ind2=" ">
            <subfield code="a">by-nc-sa</subfield>
            <subfield code="b">Creative Commons</subfield>
            <subfield code="c">3.0</subfield>
            <subfield code="u">http://creativecommons.org/licenses/by-nc-sa/3.0/</subfield>
        </datafield>
        <datafield tag="520" ind1=" " ind2=" ">
            <subfield code="a">El presente proyecto consiste en la simulación numérica de fluidos cuyas propiedades, y en consecuencia su movimiento, se ven afectadas y modificadas mediante la aplicación externa de campos magnéticos. Dichas simulaciones se realizará sobre una geometría de placas planas, paralelas y fijas. Para llevar a cabo lo comentado anteriormente, se dispondrá de un software académico desarrollado por el profesorado del Área de Mecánica de Fluidos de la Universidad de Zaragoza denominado CRETINO (Código de Resolución de Ecuaciones de Transporte con Introducción Numérica de Opciones). Dicho software, que es utilizado por los alumnos del centro en prácticas, puede simular tanto flujos laminares como turbulentos, estacionarios y transitorios mediante el método de discretización de “Volúmenes Finitos”, método muy empleado en el ámbito de la mecánica de fluidos computacional (CFD). Para poder alcanzar la meta de nuestro proyecto es necesario modificar el código interno del programa. Al tener una nueva variable de cálculo, es necesario incorporar por un lado, un término adicional a la ecuación del movimiento lineal del fluido debido a la aparición de fuerzas de origen magnético. Y por otro lado, incorporar la ecuación de inducción magnética que nos permitiría resolver el campo magnético inducido que se generaría debido a que el propio movimiento del fluido modifica el campo magnético en el que está sumergido. Todos estos resultados se validarán con la literatura científica existente en revistas especializadas y libros técnicos, para así proveer de un código académico en el cálculo de flujos que se ven modificados mediante campos magnéticos externos.</subfield>
        </datafield>
        <datafield tag="521" ind1=" " ind2=" ">
            <subfield code="a">Ingeniero Industrial</subfield>
        </datafield>
        <datafield tag="540" ind1=" " ind2=" ">
            <subfield code="a">Derechos regulados por licencia Creative Commons</subfield>
        </datafield>
        <datafield tag="700" ind1=" " ind2=" ">
            <subfield code="a">Pascau Benito, Antonio</subfield>
            <subfield code="e">dir.</subfield>
        </datafield>
        <datafield tag="710" ind1="2" ind2=" ">
            <subfield code="a">Universidad de Zaragoza</subfield>
            <subfield code="b">Ciencia y Tecnología de Materiales y Fluidos</subfield>
            <subfield code="c">Mecánica de Fluidos</subfield>
        </datafield>
        <datafield tag="856" ind1="0" ind2=" ">
            <subfield code="f">588972@celes.unizar.es</subfield>
        </datafield>
        <datafield tag="856" ind1="4" ind2=" ">
            <subfield code="s">3075284</subfield>
            <subfield code="u">http://zaguan.unizar.es/record/37203/files/TAZ-PFC-2015-108.pdf</subfield>
            <subfield code="y">Memoria (spa)</subfield>
        </datafield>
        <datafield tag="909" ind1="C" ind2="O">
            <subfield code="o">oai:zaguan.unizar.es:37203</subfield>
            <subfield code="p">proyectos-fin-carrera</subfield>
            <subfield code="p">driver</subfield>
        </datafield>
        <datafield tag="950" ind1=" " ind2=" ">
            <subfield code="a"></subfield>
        </datafield>
        <datafield tag="951" ind1=" " ind2=" ">
            <subfield code="a">deposita:2016-01-15</subfield>
        </datafield>
        <datafield tag="980" ind1=" " ind2=" ">
            <subfield code="a">TAZ</subfield>
            <subfield code="b">PFC</subfield>
            <subfield code="c">EINA</subfield>
        </datafield>
    </record>

    
</collection>